Vysvetliteľná klasifikácia rodín škodlivého kódu

Saved in:
Bibliographic Details
Main Author: Slíž, Radovan (Author)
Other Authors: Švec, Peter (Thesis advisor)
Format: Manuscript Book
Language:Slovak
Published: 2025
Subjects:
Online Access:http://is.stuba.sk/zp/portal_zp.pl?podrobnosti=184426
Tags: Add Tag
No Tags, Be the first to tag this record!

MARC

LEADER 00000ntm a22000003a 4500
001 stuzp103388
003 SK-STU
005 20250614211959.2
007 ta
008 150427s2015----xo-----f-mn---000-0-slo-d
040 |a STU  |b slo 
041 0 |a slo 
100 1 |a Slíž, Radovan  |u 035000  |4 aut  |U FEI Fakulta elektrotechniky a informatiky  |T FEI Ústav informatiky a matematiky  |X 103127  |U E050  |Y 816  |7 103127 
242 0 1 |a Explainable malware family classification  |y eng 
245 1 0 |a Vysvetliteľná klasifikácia rodín škodlivého kódu 
260 |c 2025 
650 4 |a explainable methods  |2 eng 
650 4 |a malware classification  |2 eng 
650 4 |a malware families  |2 eng 
650 4 |a machine learning  |2 eng 
650 4 |a XAI  |2 eng 
650 4 |a vysvetliteľné metódy  |2 slo 
650 4 |a rodiny malvéru  |2 slo 
650 4 |a strojové učenie  |2 slo 
650 4 |a XAI  |2 slo 
650 4 |a klasifikácia malvéru  |2 slo 
700 1 |a Švec, Peter  |u 035000  |k Z8  |4 ths  |U FEI Fakulta elektrotechniky a informatiky  |T FEI Ústav informatiky a matematiky  |X 8381  |U E050  |Y 816  |7 8381 
856 4 |u http://is.stuba.sk/zp/portal_zp.pl?podrobnosti=184426